Départements français qui contiennent le mot Noël - Statistiques

Statistiques générales
  • Ce quiz a été pris 28 fois
    24 depuis la dernière actualisation
  • Le résultat moyen est 6 sur 8
Statistiques - réponses
Hint Réponse % Correct
1 Alpes-de-Haute-Provence
86%
7 Pyrénées-Orientales
86%
2 Indre-et-Loire
82%
4 Loire-Atlantique
82%
5 Lot-et-Garonne
82%
6 Maine-et-Loire
73%
8 Saône-et-Loire
73%
3 La Réunion
41%
Aucun quiz correspondant
Distribution des résultats
% des personnes avec chaque résultat
Percentile par nombre de réponses
Votre historique - résultats
Vous n’avez pas pris ce quiz depuis la dernière actualisation